| 000 | 00543nam a2200169 i 4500 | ||
|---|---|---|---|
| 001 | 76890 | ||
| 003 | ES-MaACL | ||
| 005 | 20230906173016.0 | ||
| 007 | t| | ||
| 008 | 041005s1912 fr ||||1| fre d | ||
| 100 | 1 |
_aGuilliermond, Alexandre. _960813 |
|
| 245 | 1 | 4 |
_aLes levures / _cpar Alexandre Guilliermond ; préface du E. Roux. |
| 260 |
_aParis : _bOctave Dion et Fils, _c1912 ( _ePoitiers : _fSociété Francaise d'Imprimerie) |
||
| 300 |
_aXII, 566, XII p. : _bil. ; _c19 cm. |
||
| 700 | 1 |
_aRoux, E. _9100104 |
|
| 852 |
_aES-MaACL _jD-4429 |
||
| 999 |
_c76890 _d76890 |
||